La civilisation du commentaire : Portrait de la vie en glose (notice n° 2157655)
[ vue normale ]
| 000 -LEADER | |
|---|---|
| fixed length control field | 01613cam a2200133 4500500 |
| 005 - DATE AND TIME OF LATEST TRANSACTION | |
| control field | 20260405032834.0 |
| 041 ## - LANGUAGE CODE | |
| Language code of text/sound track or separate title | fre |
| 042 ## - AUTHENTICATION CODE | |
| Authentication code | dc |
| 100 10 - MAIN ENTRY--PERSONAL NAME | |
| Personal name | Goyet, Mara |
| Relator term | author |
| 245 00 - TITLE STATEMENT | |
| Title | La civilisation du commentaire : Portrait de la vie en glose |
| 260 ## - PUBLICATION, DISTRIBUTION, ETC. | |
| Name of publisher, distributor, etc. | Gallimard,<br/> |
| Date of publication, distribution, etc. | 2026.<br/> |
| 520 ## - SUMMARY, ETC. | |
| Summary, etc. | Très déçu du péage de Saint-Arnoult: tel est l’un des 4000 commentaires reçus par cette barrière d’autoroute sur Internet. Oui, 4000… Ce foisonnement invite à réfléchir: pourquoi sommes-nous si nombreux à commenter la forme des dents d’une fourchette (trop carrées), une caverne néolithique (déçue par cette grotte) ou l’offre d’un restaurant (brochette de bœeuf très nerveuse)&#8239;? En quoi cette pratique modifie-t-elle notre rapport au monde et la place que nous tentons d’y occuper&#8239;? Sans rien dissimuler des aspects les plus sombres de ces gloses proliférantes, peut-on y voir aussi une démocratisation de l’écrit et une nouvelle étape de l’avancée vers l’égalité chère à Alexis de Tocqueville (je l’adore, allez Alexis&#8239;!!!)&#8239;?Indéniablement, dans ces masses d’avis, au style aussi bancal que ciselé, touchant toutes les dimensions de l’existence, il y a quelque chose d’inédit et de passionnant, que cette enquête novatrice s’attache à explorer. Elle met ainsi en lumière les enseignements, la poésie, parfois l’absurde de cet espace numérique caractéristique de notre modernité. |
| 856 41 - ELECTRONIC LOCATION AND ACCESS | |
| Uniform Resource Identifier | <a href="https://shs.cairn.info/la-civilisation-du-commentaire--9782073060945?lang=fr&redirect-ssocas=7080">https://shs.cairn.info/la-civilisation-du-commentaire--9782073060945?lang=fr&redirect-ssocas=7080</a> |
Pas d'exemplaire disponible.




Réseaux sociaux